000 02162agaaa2200349 4500
001 9236
003 IT-RoPAU
005 20220918181233.0
007 d cvaizq
008 50131s9999||||xx ||| | || ||und||
040 _aIT-RoPAU
_cIT-RoPAU
041 _aITALIANO
100 _aTavernier Bertrand
_gCodice regista SPICS: 1653
_941852
130 _aESCA (L')
_941853
240 _aAPPAT (L')
_gT2995
245 _aESCA (L')
_cSceneggiatura: Tavernier-O'Hagan Colo Tavernier Bertrand -- Diretto da: Tavernier Bertrand
_pESCA (L') (Rif. Codice opera principale : D9236)
246 _aAPPAT (L')
250 _aEdizione Standard
260 _a(FRANCIA)
_bN.d. /
_g"1995 (1° ed.: 1996 ; Ed. Lingua Orig.: 1995)"
300 _aVHS
_bsonoro, col.
_c117 minuti
508 _a"Fotografia: Choquart Alain; Musica: Haim Philippe; Sceneggiatura: Tavernier-O'Hagan Colo Tavernier Bertrand; Scenografia: Ghigo Emile; Soggetto: Tavernier-O'Hagan Colo -- Tavernier Bertrand"
511 _a"Gillain Marie; Sitruk Olivier; Putzulu Bruno; Courau Clotilde; Ravel Marie"
520 _aTRATTO DAL ROMANZO DI MORGAN SPORTES E' ISPIRATO AD UN FATTO DI CRONACA ACCADUTO IN FRANCIA NEL 1984. PROTAGONISTI TRE GIOVANI DI BUONA FAMIGLIA DUE RAGAZZI E UNA RAGAZZA CHE PER PROCURARSI RAPIDAMENTE DEL DENARO E REALIZZARE LE LORO ASPIRAZIONI DECIDONO DI RAPINARE ALCUNI RICCHI CONOSCENTI DELLA RAGAZZA. GLI IMPROVVISATI DELINQUENTI SCIVOLANO CON AGGHIACCIANTE NATURALEZZA DAL FURTO ALL'OMICIDIO TORTURANDO E ASSASSINANDO LE LORO VITTIME. RITRATTO DI UNA GIOVENTU' DORATA PRIVA DI VALORI E PUNTI DI RIFERIMENTO. LA SOCIETA' MODERNA LEGATA AI MASS MEDIA, ALLA RICCHEZZA E AL SUCCESSO GENERA TALI MOSTRI.
538 _aPAL, STEREO
546 _aITALIANO
650 _aDRAMMATICO
_eFILMS [VHS]
_xCodice MATERIA SPICS: 9960
_934083
700 _aHaim Philippe
_e(musica)
_gCodice Musica SPICS: 46602
_941854
700 _aTavernier Bertrand
_e(regista)
_gCodice regista SPICS: 1653
_941855
700 _aTavernier Bertrand
_e(soggetto)
_gCodice Soggetto 2° SPICS: 1653
_941856
700 _aTavernier-O'Hagan Colo
_e(soggetto)
_gCodice Soggetto SPICS: 36680
_941857
942 _cVH
_2ddc
999 _c105515
_d105515